Sports Quiz

Random Sports or World Cup Quiz

FIFA Countries Ranked #1 Quiz Stats

 Plays Quiz Updated Nov 19, 2019

Score 0/8 Timer 03:00
95 Plays Today
First Year at #1 Country (Men's National Team) % Correct
1993Brazil
98.5%
1992Germany
98.1%
2008Spain
98%
2001France
97.9%
2007Argentina
96.3%
1993Italy
94.2%
2011Netherlands
85.1%
2015Belgium
83.6%

You're not logged in!

Compare scores with friends on all Sporcle quizzes.
OR
Log In

Sporcle TV

Today on Sporcle TV


Watch our educational content, quiz creation guides, and fun videos on Sporcle TV.

Show Comments

Extras

Top Quizzes Today


Score Distribution

Your Account Isn't Verified!

In order to create a playlist on Sporcle, you need to verify the email address you used during registration. Go to your Sporcle Settings to finish the process.

Report this User

Report this user for behavior that violates our Community Guidelines.

Details: